Movies Quiz

Random Movies Quiz
Score 0/15 Timer 10:00
0 Plays Today
Clue % Correct
HusbandTaye Diggs
85.3%
Famous for this characterElphaba
83.9%
in this musicalRENT
83.3%
MusicalWicked
77.9%
Worked on this Disney filmEnchanted
71.4%
Guest star onGlee
70.3%
Full nameIdina Kim Menzel
67.7%
Famous fo playing this characterMaureen Johnson
57.2%
Clue % Correct
Character's NameShelby
55.8%
Played this character in 5th gradeDorothy
41.6%
Concert's titleBarefoot at the symphony
37.7%
Voiced a character on this disney animated movie's spin off tv seriesHercules
30.6%
Character's nameNancy tremaine
28.3%
date of birthMay 30th
25.5%
Husband's CharacterBenjamin 'Benny' coffin III
7.9%
Remove Ads.
Support Sporcle.
Get the best of Sporcle when you Go Orange. This ad-free experience offers more features, more stats, and more fun while also helping to support Sporcle. Thank you for becoming a member.

You're not logged in!

Compare scores with friends on all Sporcle quizzes.
OR
Log In

Show Comments

Extras

Created Sep 1, 2012ReportNominate

Top Quizzes Today


Score Distribution

Your Account Isn't Verified!

In order to create a playlist on Sporcle, you need to verify the email address you used during registration. Go to your Sporcle Settings to finish the process.

Report this User

Report this user for behavior that violates our Community Guidelines.

Details: